A History of cberqap things in England / (Record no. 186537)
[ view plain ]
| 000 -LEADER | |
|---|---|
| fixed length control field | 00489 a2200169 4500 |
| 003 - CONTROL NUMBER IDENTIFIER | |
| control field | Nust |
| 005 - DATE AND TIME OF LATEST TRANSACTION | |
| control field | 20230404123622.0 |
| 040 ## - CATALOGING SOURCE | |
| Transcribing agency | Nust |
| 082 ## - DEWEY DECIMAL CLASSIFICATION NUMBER | |
| Classification number | 942,QUE |
| 100 ## - MAIN ENTRY--PERSONAL NAME | |
| Personal name | Marjore, C.H.B. Quennel |
| 9 (RLIN) | 111726 |
| 245 ## - TITLE STATEMENT | |
| Title | A History of cberqap things in England / |
| 260 ## - PUBLICATION, DISTRIBUTION, ETC. | |
| Place of publication, distribution, etc. | London |
| Name of publisher, distributor, etc. | Universty press |
| Date of publication, distribution, etc. | 1938 |
| 300 ## - PHYSICAL DESCRIPTION | |
| Extent | 242 |
| 505 ## - FORMATTED CONTENTS NOTE | |
| Formatted contents note | The Eighteenth Century (Page-1), The Nineteenth Century (Page-107). |
| 650 ## - SUBJECT ADDED ENTRY--TOPICAL TERM | |
| Topical term or geographic name entry element | A history of cberqap things in englaw |
| 9 (RLIN) | 111727 |
| 942 ## - ADDED ENTRY ELEMENTS (KOHA) | |
| Source of classification or shelving scheme | |
| Koha item type | Book |
| Withdrawn status | Lost status | Source of classification or shelving scheme | Damaged status | Not for loan | Permanent Location | Current Location | Shelving location | Date acquired | Full call number | Barcode | Date last seen | Price effective from | Koha item type | Public note |
|---|---|---|---|---|---|---|---|---|---|---|---|---|---|---|
| Military College of Signals (MCS) | Military College of Signals (MCS) | General Stacks | 12/12/2016 | 942,QUE | MCS29177 | 12/08/2016 | 12/12/2016 | Book | Almirah No.75, Shelf No.6 |
